000 00726nam a2200217 a 4500
001 004014
003 BD-ChCU
005 20260101112808.0
008 260101 Ben
040 _aDLC
_cDLC
_dBD-ChCU
082 0 0 _a৮১৩.০১৮ রায় ৭৬ মু
100 _aরায,ঘোষ
_b-
_918521
245 1 0 _aমুখোমুখি/
_b-
_cঘোষ রায
250 _a***
260 _aচট্টগ্রাম:
_bপ্রিয়াংকা প্রকা:
_c১৯৯৪
300 _a৮০পৃ.
504 _a- Biblio-
650 0 _aবাংলা ছোট গল্প - আধুনিক যুগ, বাংলা ছোট গল্প
_918522
700 1 _a-
942 _2ddc
_cBK
999 _c110653
_d110653